Warschauer Aufstand
| Titel: | Warschauer Aufstand : Ruinen der Festung / Adam Krzemiński und Damien Thiriet |
|---|---|
| Verfasser: | ; ; |
| In: |
Deutsch-polnische Erinnerungsorte ; 2. Geteilt, gemeinsam, (2014), Seite 661-694 alle Artikel anzeigen |
| Veröffentlicht: | 2014 |
| Umfang: | 3 Illustrationen |
| Format: | Aufsatz |
| Sprache: | Deutsch |
X
alg: 41769323
001A $03025:11-10-17
001B $01999:11-10-17 $t22:45:29.000
001C $03025:11-10-17 $t11:58:56.000
001D $03025:11-10-17
001U $0utf8
001X $00
002@ $0Aou
002C $aText $btxt $2rdacontent
002D $aohne Hilfsmittel zu benutzen $bn $2rdamedia
002E $aBand $bnc $2rdacarrier
003@ $0417693230
007A $0417693230 $aHEB
010@ $ager
010E $erda
011@ $a2014
021A $aWarschauer Aufstand $dRuinen der Festung $hAdam Krzemiński und Damien Thiriet
028A $BVerfasser $#Krzeminski, Adam $#Krzeminski, Adam $4aut $7124485472 $8Krzemiński, Adam$Z1945- [Tp3] $9155157043
028C $BVerfasser $4aut $71141256878 $8Thiriet, Damien [Tp3] $9417694008
028C $BVerfasser $4aut $71106404955 $8Huterer, Andrea$Z1970- [Tp1] $9384651496
031A $h661-694 $j2014
034M $a3 Illustrationen
039B $aEnthalten in $8--Afu--. Deutsch-polnische Erinnerungsorte ; 2. Geteilt, gemeinsam. - Paderborn {[u.a.] : Schöningh, 2014. - 732 S.. - Ill.. - ISBN 978-3-506-77339-5 $x201400000000000339 $9299792242
044K $RWarszawa $#Warschau $#Warszawa $#Warszowa $#Varšava $#Varsovia $#Varsavia $#Varšavaq $#Varsó $#Miasto Stołeczne Warszawa $#Varsovie $#Warsaw $#Varšava $#Varšuva $#Varssavi $74079048-4 $8Warschau [Tg1] $9085224332
044K $RWeltkrieg $RAufstand $#Warsaw (Poland) History Uprising, 1944 $#Varsovie (Pologne) 1944 (Insurrection) $#Varsovia Historia 1944 (Insurrección) $74189143-0 $8Warschauer Aufstand$g1944 [Ts1] $9085933171
044K $RPolitische Identität $RGeschichtsbild $RGeschichtsdenken $#Conscience historique $#Geschichtsbewusstsein $#Historisches Bewusstsein $#Geschichtsverständnis Geschichtsbewusstsein $#Geschichtskultur $74020526-5 $8Geschichtsbewusstsein [Ts1] $9085049387
045R $aGeschichte 1944-2013
lok: 41769323 78
exp: 41769323 78 1 #EPN
201B/01 $011-10-17 $t11:44:50.000
201C/01 $011-10-17
201U/01 $0utf8
203@/01 $0100834642X
208@/01 $a11-10-17 $be
209A/01 $a/ $f000 $x00
209A/01 $ab*p $x01
220C/01 $apgar
244Z/01 $#Generalgouvernement Polen $#Polska $#Rzeczpospolita Polska $#Polska Rzeczpospolita Ludowa $#Poland $#Pologne $#République Polonaise $#Generalne Gubernatorstwo w Polsce $#Polish People's Republic $#Polska Rzeczpospolita Polen $#PRL $#RP $#Polen Generalgouvernement $#Polska Generalgouvernement $#Besetzte Polnische Gebiete $#Besetztes Gebiet in Polen $#Okupowane Polskie Obszary $#Obszary Okupowane w Polsce $#Volksrepublik Polen $#Polska Rosyjska $#Republic Polen $#Respublika Pol'ša $#Pol'skaja Narodnaja Respublika $#République de Pologne $#Polen Links der Weichsel $#Polska po Lewej Stronie Wisły $#Lenkija $#Polija $#Gubernija Carstva Pol'skago $#Republik Polen $74046496-9 $8--Tg1--Polen $x01 $9085129801
247C/01 $82080>Marburg/Lahn, Herder-Institut, Forschungsbibliothek, Bibliographieportal $9336309341
| LEADER | 00000caa a2200000 c 4500 | ||
|---|---|---|---|
| 001 | 417693230 | ||
| 003 | DE-603 | ||
| 005 | 20171011224529.0 | ||
| 007 | tu | ||
| 008 | 171011s2014 xx |||| | u00||u|ger c | ||
| 035 | |a (DE-599)HEB417693230 | ||
| 040 | |a DE-603 |b ger |c DE-603 |d DE-603 |e rda | ||
| 041 | |a ger | ||
| 100 | 1 | |a Krzemiński, Adam |d 1945- |e Verfasser |4 aut |0 (DE-603)155157043 |0 (DE-588)124485472 |2 gnd | |
| 245 | 0 | 0 | |a Warschauer Aufstand |b Ruinen der Festung |c Adam Krzemiński und Damien Thiriet |
| 264 | 0 | |c 2014 | |
| 300 | |b 3 Illustrationen | ||
| 336 | |a Text |b txt |2 rdacontent | ||
| 337 | |a ohne Hilfsmittel zu benutzen |b n |2 rdamedia | ||
| 338 | |a Band |b nc |2 rdacarrier | ||
| 648 | 7 | |a Geschichte 1944-2013 |2 gnd | |
| 650 | 7 | |a Warschauer Aufstand |g 1944 |0 (DE-588)4189143-0 |0 (DE-603)085933171 |2 gnd | |
| 650 | 7 | |a Geschichtsbewusstsein |0 (DE-588)4020526-5 |0 (DE-603)085049387 |2 gnd | |
| 651 | 7 | |a Warschau |0 (DE-588)4079048-4 |0 (DE-603)085224332 |2 gnd | |
| 700 | 1 | |a Thiriet, Damien |e Verfasser |4 aut |0 (DE-603)417694008 |0 (DE-588)1141256878 |2 gnd | |
| 700 | 1 | |a Huterer, Andrea |d 1970- |e Verfasser |4 aut |0 (DE-603)384651496 |0 (DE-588)1106404955 |2 gnd | |
| 773 | 0 | 8 | |i Enthalten in |t Deutsch-polnische Erinnerungsorte ; 2. Geteilt, gemeinsam |d Paderborn [u.a.] : Schöningh, 2014 |h 732 S., Ill. |z 9783506773395 |g (2014), Seite 661-694 |w (DE-603)299792242 |
| 924 | 0 | |9 2080 |a (DE-603)100834642X |b DE-2080 |c HES |d d |g / | |


